00465nam a2200157 a 4500008004100000020001500041050001500056100002200071245006200093246002800155260004800183300002000231350000900251650003300260650001400293120416s1987 ||||||||||||||||| || u a0521368391 aHC 800 Dro aGlantz, Michael H10aDrought and hunger in Africacedited by Michael H. Glantz adenying famine a future aCambridgebCambridge University Pressc1987 axx, 457p. : ill a0.00 aFAMINES--DESTITUTION--AFRICA 0aECONOMICS